The business of corporate learning insights from practice

Saved in:
Bibliographic Details
Main Author: Ben-Hur, Shlomo
Format: Book
Language:English
Published: Cambridge University Press, 2013
Tags: Add Tag
No Tags, Be the first to tag this record!

MARC

LEADER 00000nam a22000007a 4500
008 230111b |||||||| |||| 00| 0 eng d
020 |a  9781107027008 
100 |a  Ben-Hur, Shlomo 
245 |a  The business of corporate learning   |b  insights from practice  |c  Shlomo Ben-Hur  |g  xvi, 230 p. 
260 |b Cambridge University Press,   |c 2013  |h  Cambridge, New York  |i 699685  |i 699686  |l HD58.82 .B43  |m Organizational learning  |m Corporations  |m Business & Economics / Management. 
500 |a Includes bibliographical references and index. 
942 |a lcc  |c BK  |e Adeyeye Y. S.  |f 11- 01- 2023 
952 |0 0  |1 0  |2 lcc  |4 0  |6 HD005882 B43  |7 0  |9 4132  |a HOL  |b MPL  |c GJ  |d 2023-01-11  |l 0  |o HD 58.82 .B43  |p 2023-0063  |r 2023-01-11 00:00:00  |w 2023-01-11  |y BK 
952 |0 0  |1 0  |2 lcc  |4 0  |6 HD005882 B43  |7 0  |9 4133  |a HOL  |b MPL  |c GJ  |d 2023-01-11  |l 0  |o HD 58.82 .B43  |p 2023-0064  |r 2023-01-11 00:00:00  |w 2023-01-11  |y BK 
999 |c 2072  |d 2072